| 000 | 00463nam a22001697a 4500 | ||
|---|---|---|---|
| 003 | SISC | ||
| 005 | 20160223082510.0 | ||
| 008 | 130204t xxu||||| |||| 00| 0 eng d | ||
| 020 | _a9712304418 | ||
| 050 |
_aQA 276.12 _b .P139 2004 |
||
| 100 |
_aPagoso, Cristobal _930521 |
||
| 245 |
_aIntroductory statistics / _cCristobal Pagoso. |
||
| 260 |
_aPhilippines : _bREX Book Store, _c2004. |
||
| 300 |
_a390 p. : _c24 cm. _bill. ; |
||
| 942 |
_2lcc _cBK |
||
| 999 |
_c42296 _d42296 |
||